Κατάλογος Βιβλιοθηκών Mediterranean College

A Practical Guide to EDP Auditing (Record no. 1977)

MARC details
000 -LEADER
fixed length control field 01385cam a22002054a 4500
005 - ΗΜΕΡΟΜΗΝΙΑ ΚΑΙ ΩΡΑ ΤΕΛΕΥΤΑΙΑΣ ΕΝΗΜΕΡΩΣΗΣ
Πεδίο ελέγχου 20250605164025.0
008 - FIXED-LENGTH DATA ELEMENTS--GENERAL INFORMATION
Πεδίο ελέγχου σταθερού μήκους 250528s ||||||||||||||||||||||||d
035 ## - SYSTEM CONTROL NUMBER
System control number 16483
020 ## - ISBN
ISBN 442209096
040 ## - ΠΗΓΗ ΚΑΤΑΛΟΓΟΓΡΑΦΗΣΗΣ
Φορέας πρωτότυπης καταλογογράφησης MC Athens Campus Library
Γλώσσα καταλογογράφησης Ελληνικά, Μοντέρνα (1453-)
Modifying agency MC Athens Campus Library
Κανόνες περιγραφικής καταλογογράφησης AACR2
245 1# - ΤΙΤΛΟΣ ΚΑΙ ΔΗΛΩΣΗ ΥΠΕΥΘΥΝΟΤΗΤΑΣ
Τίτλος A Practical Guide to EDP Auditing
260 ## - PUBLICATION, DISTRIBUTION, ETC.
Name of publisher, distributor, etc. Auerbach Publishers Incorporated,
Date of publication, distribution, etc. 1982
300 ## - PHYSICAL DESCRIPTION
Extent 164
505 0# - FORMATTED CONTENTS NOTE
Formatted contents note Preface, Introduction, Defining EDP Audit Objectives, Defining the Scope of DP Controls, Writing EDP Audit Reports, Auditing DP Standards, Test Design for Systems Under Development, Applications Projects Cost/ Benefit Review, Auditing Application Programs, Auditing and MVS Operating System, The Auditor's Use and Control of Utility Programs, Auditing JCL Standards, Auditing Minicomputer-Based Systems, Hardware Acquisition Cost/ Benefit Review.
520 ## - SUMMARY, ETC.
Summary, etc. Preface, Introduction, Defining EDP Audit Objectives, Defining the Scope of DP Controls, Writing EDP Audit Reports, Auditing DP Standards, Test Design for Systems Under Development, Applications Projects Cost/ Benefit Review, Auditing Application Programs, Auditing and MVS Operating System, The Auditor's Use and Control of Utility Programs, Auditing JCL Standards, Auditing Minicomputer-Based Systems, Hardware Acquisition Cost/ Benefit Review.
700 1# - ΠΡΟΣΘΕΤΗ ΑΝΑΓΡΑΦΗ--ΦΥΣΙΚΟ ΠΡΟΣΩΠΟ
Personal name Hannan James
9 (RLIN) 2575
942 ## - ADDED ENTRY ELEMENTS (KOHA)
Koha item type Books
Holdings
Τύπος τεκμηρίου Βιβλιοθήκη Τρέχουσα τοποθεσία Barcode Αριθμός εισαγωγής Ημερομηνία απόκτησης Ταξιθετικό σύμβολο Αριθμός αντιτύπου Κατάσταση απόσυρσης Κατάσταση χαμένου Κατάσταση κατεστραμμένου Μη δανεισμός Σύνολο δανεισμών Ημερομηνία τελευταίας εμφάνισης Η τιμή ισχύει από
Books MC Athens Campus Library MC Athens Campus Library 9780000019769 4187 05/06/2025 657/.453 HAN 1           05/06/2025 05/06/2025

MC Athens Campus Library
Πατησίων 94 & Κοδριγκτώνος 13, 104 34
Πελλήνης 8 & Πατησίων 107, 112 51
Τ: +30 210 8899600

MC Thessaloniki Campus Library
Ίωνος Δραγούμη 21, 54625 | Ίωνος Δραγούμη 15, 54625
Τ: +30 2310 287779 – Τ: +30 2314 440300